| 000 | 00574nam a2200193Ia 4500 | ||
|---|---|---|---|
| 003 | IIN | ||
| 005 | 20240205114923.0 | ||
| 008 | 231217s9999 xx 000 0 und d | ||
| 020 |
_cRs.250.00 _a9789354518584 |
||
| 040 |
_aIIN _bEnglish |
||
| 082 |
_a428.0077 _bNAI |
||
| 100 | 1 | _aNaidu, Vijaylakshmi | |
| 245 | 2 |
_aA Textbook of Communicative English: _bfor B.Sc Nursing / _cVijaylakshmi Naidu & Perpetua R. Farnandes |
|
| 260 |
_bNirali Prakashan _aPune _c2023 |
||
| 300 | _a7.20p. | ||
| 650 | 1 |
_aEnglish _vCommunicative |
|
| 700 | 1 | _aFarnandes, Perpetua R. | |
| 942 | _cBOOK | ||
| 999 |
_c1645 _d1645 |
||